<?xml version="1.0" encoding="UTF-8"?>
<marc:record xmlns:marc="http://www.loc.gov/MARC21/slim">
   <marc:leader>00000nam a2200000 a 4500</marc:leader>
   <marc:datafield ind1="1" ind2=" " tag="100">
      <marc:subfield code="a">Dán, Dominik</marc:subfield>
      <marc:subfield code="4">aut</marc:subfield>
      <marc:subfield code="e">Verfasser/-in</marc:subfield>
   </marc:datafield>
   <marc:datafield ind1=" " ind2=" " tag="653">
      <marc:subfield code="a">Detective</marc:subfield>
   </marc:datafield>
   <marc:datafield ind1="0" ind2="0" tag="245">
      <marc:subfield code="a">Podaj prst</marc:subfield>
   </marc:datafield>
   <marc:datafield ind1="0" ind2="0" tag="245">
      <marc:subfield code="b">Detective</marc:subfield>
   </marc:datafield>
   <marc:datafield ind1="0" ind2="0" tag="245">
      <marc:subfield code="c">Dán, Dominik</marc:subfield>
   </marc:datafield>
   <marc:datafield ind1=" " ind2="1" tag="264">
      <marc:subfield code="a">Bratislava</marc:subfield>
      <marc:subfield code="b">Slovart, spol.s.r.o.</marc:subfield>
      <marc:subfield code="c">2025</marc:subfield>
   </marc:datafield>
   <marc:datafield ind1=" " ind2=" " tag="250">
      <marc:subfield code="a">Prvé vydanie</marc:subfield>
   </marc:datafield>
   <marc:datafield ind1="1" ind2=" " tag="520">
      <marc:subfield code="a">Detektív oddelenia vrážd Oto Hanzel doslúžil vianočnú službu s doživotnými následkami – zamiloval sa. Jeho láska bola okamžite opätovaná a Oto sa so Soňou v jednu marcovú sobotu zosobášil. Na obrad a svadobnú hostinu pozvali celé oddelenie, ale nie všetkým bolo dopriate hodovať až do rána. Krauz to šťastie nemal a spolu s doktorom Lengyelom boli vyslaní na centrálny príjem blízkej nemocnice preveriť podozrivú dopravnú nehodu. Už prvý kontakt s ošetrujúcim lekárom potvrdil ich podozrenie – nijaká dopravná nehoda, mladý muž bol zastrelený od chrbta malokalibrovou zbraňou. Čo bolo ešte horšie, druhý mladý muž, ktorý ho priviezol, utiekol skôr, než si ho sestrička stihla zapísať.&#xD;
&#xD;
Na obzore sa rysoval ďalší prípad, keď detektívi z kancelárie stoštyridsaťjeden začínajú s holými rukami, no výsledky od nich očakávajú všetci nadriadení takmer okamžite. O to viac, keď vysvitlo, že zavraždený mladý muž je policajt. Vražda policajta je mimoriadna udalosť, vyžaduje si zvláštny prístup. Zvlášť opatrný, ak sa ukáže, že zavraždený nepatril k najpoctivejším členom zboru, a odhaľovaním pozadia jeho vraždy by mohli na povrch vyplávať skutočnosti poškodzujúce dobré meno polície.&#xD;
&#xD;
Dokážu detektívi odhaliť identitu záhadného strelca aj napriek absencii mladomanžela Hanzela a Kukyho, ktorý je na vynútenom liečení? Zvyšok kancelárie na straty nehľadí a začína rozpletať príbeh plný zvratov a prekvapivých súvislostí.</marc:subfield>
   </marc:datafield>
   <marc:datafield ind1=" " ind2=" " tag="020">
      <marc:subfield code="a">9788055672991</marc:subfield>
      <marc:subfield code="9">9788055672991</marc:subfield>
   </marc:datafield>
   <marc:datafield ind1=" " ind2=" " tag="338">
      <marc:subfield code="a">Band</marc:subfield>
   </marc:datafield>
   <marc:datafield ind1=" " ind2=" " tag="300">
      <marc:subfield code="a">296 Seiten</marc:subfield>
   </marc:datafield>
</marc:record>
